| 000 | 00360nam a2200145 4500 | ||
|---|---|---|---|
| 003 | OSt | ||
| 008 | 240702b |||||||| |||| 00| 0 eng d | ||
| 020 | _a9789387496149 | ||
| 100 | _aDEMING, Edwards W. | ||
| 245 | _aOut of the Crisis | ||
| 260 |
_aNew Delhi _bDev Publishers & Distributors _c2019 |
||
| 300 | _aix, 430p. | ||
| 650 | _aGeneral | ||
| 942 |
_2ddc _cBK |
||
| 999 |
_c12747 _d12747 |
||